|
|
|
|
| LEADER |
00000nam0a2200000 4500 |
| 001 |
359159 |
| 005 |
20231102011150.0 |
| 035 |
|
|
|a (RuTPU)RU\TPU\retro\16431
|
| 035 |
|
|
|a RU\TPU\retro\16411
|
| 090 |
|
|
|a 359159
|
| 100 |
|
|
|a 20200923d1933 k y0rusy50 ca
|
| 101 |
0 |
|
|a rus
|a eng
|
| 102 |
|
|
|a RU
|
| 105 |
|
|
|a a z 001zy
|
| 200 |
1 |
|
|a Геологическое строение и условия залегания железных руд Липецкого района
|f Т. Н. Давыдова
|g СССР, Всесоюзное геологоразведочное объединение
|
| 210 |
|
|
|a Москва
|a Ленинград
|c Государственное научно-техническое геологоразведочное изд-во
|d 1933
|
| 215 |
|
|
|a 68 с.
|c ил.
|e 11 л. приложения
|
| 225 |
1 |
|
|a Труды Всесоюзного геолого-разведочного (геологоразведочного) объединения
|v Вып. 289
|
| 320 |
|
|
|a Библиогр.: с. 68
|
| 606 |
1 |
|
|a Железные руды
|x Геология
|2 stltpush
|3 (RuTPU)RU\TPU\subj\10478
|9 37546
|
| 610 |
1 |
|
|a Подмосковный бассейн
|
| 610 |
1 |
|
|a Липецкая область
|
| 610 |
1 |
|
|a карстовые явления
|
| 610 |
1 |
|
|a залежи
|
| 610 |
1 |
|
|a залегание
|
| 610 |
1 |
|
|a рудоносность
|
| 675 |
|
|
|a 553.31
|v 4
|
| 700 |
|
1 |
|a Давыдова
|b Т. Н.
|
| 712 |
0 |
1 |
|a СССР
|b Всесоюзное геологоразведочное объединение
|c (1931-1933)
|2 stltpush
|3 (RuTPU)RU\TPU\col\18435
|9 27031
|
| 801 |
|
1 |
|a RU
|b 63413507
|c 20171109
|
| 801 |
|
2 |
|a RU
|b 63413507
|c 20200923
|g RCR
|
| 942 |
|
|
|c BK
|